1602 1732 1057 1258 1437 1655 1763 1532 1149 1451 1059 1339 1040 1336 1542 1923 1732 1802 1047 1111 1591 1156 1751 1258 1626 1108 1434 1278 1361 1004 1808 1046 1582 1328 1909 1113 1207 1854 1959 1858 1822 1269 1414 1729 1162 1678 1662 1509 1571 1872 1277 1980 1255 1443 1946 1797 1267 1022 1614 1456 1486 1745 1858 1391 1091 1909 1248 1854 1721 1717 1598 1433 1580 1547 1208 1969 1136 1843 1968 1422 1497 1427 1218 1248 1577 1605 1479 1039 1494 1252 1589 1397 1935 1720 1473 1962 1472 1715 1669 BCNSPRNW ULIB Ver.6.0+V

เปลี่ยนเป็นภาษาไทย

Change to English
 แสดงรายละเอียดบรรณานุกรม
  กลับหน้าหลัก

Brief Record : Get Marc (ISO 2709) : E-mail record : QR code < ปิดหน้าต่าง
LEADER : 00000nam 2200000uu 4500
001    13399107741
003     ULIB
008    110201s2548||||th 000 0 tha d
020    9742986894
060 04 QT4^bจ483ก 2548
245 00 กายวิภาคศาสตร์ = ^bessential atlas of anatomy /^c[จินตนาเวชสวัสด์, แปล ; วิริยะ สิริสิงห, บรรณาธิการ]
246 31 Essential atlas of anatomy
250    พิมพ์ครั้งที่ 1
260    กรุงเทพฯ :^bสุวีริยาสาส์น,^c2548
300    96 หน้า. :^bภาพประกอบสี ;^c31 ซม.
650  7 กายวิภาคศาสตร์
650  7 กายวิภาคศาสตร์มนุษย์
700 0  จินตนา เวชสวัสดิ์,^eผู้แปล
700 0  วิริยะ สิริสิงห,^eบรรณาธิการ
945    ^p300^l0^i023694
995    ทศพร
999 ^a ใช้งานได้ทุกระบบ
รายการนี้ยังไม่มีแท็ก
คุณยังไม่ได้ล็อกอิน คุณสามารถมีกิจกรรมร่วมกับเว็บไซต์ได้ แต่ต้องล็อกอินก่อน ::
  ล็อกอิน

รายการสื่อสารสนเทศ

ลำดับที่ ประเภท เลขเรียก/บาร์โค้ด สถานที่ สถานะ
- ไม่พบข้อมูล -

รายการใกล้เคียง
    หัวเรื่อง [กายวิภาคศาสตร์]
    หัวเรื่อง [กายวิภาคศาสตร์มนุษย์]

BibComment


ยังไม่เคยถูกคอมเมนท์

คอมเมนท์ทรัพยากรรายการนี้
  คอมเมนท์: กายวิภาคศาสตร์ ..


 Copyright 2026. Bcnsprnw @Library